000 01162nam a22003497a 4500
003 CHAP
005 20220329140513.0
008 971013s1984 us a r 00010 eng d
010 _a52961
011 _a53933
035 _a58083
040 _cCHAP
082 0 4 _a632.58
_bR68
100 0 0 _aRosenthal, Sara S.
_9100138
245 1 _aBiological methods of weed control
260 _aFresno, Ca. :
_bThomson Publications,
_c1984
300 _a88 p.
_b: ilus.
490 _aCalifornia weed conference. Monograph
_v; 1
590 _aBATCH-UPD
_b10
_c20130110
_lUCH01
_h0704
590 _aBATCH-UPD
_b10
_c20130110
_lUCH01
_h2347
590 _aBATCH-UPD
_b10
_c20130410
_lUCH01
_h0349
590 _aBATCH-UPD
_b10
_c20130914
_lUCH01
_h0753
590 _aCONVERSION
_b10
_c20130109
_lUCH01
_h1329
650 1 4 _aControl biológico de malas hierbas.
_927584
650 1 4 _aMalas hierbas
_xControl.
_970011
700 0 _aBrunetti, Kathy.
_915788
700 0 _aMaddox, Donald M.
_969587
830 0 _aCalifornia weed conference. Monograph
_v; 1
_917505
901 _aBK
942 _cLIBRO
949 _a632.58 R68
_bBC
_cLIBRO
_d33724000179081
_eLIBRO
_gI. 134860
_h69713
_i58083
_si
999 _c52961
_d52961